00944nam a22002055i 4500001000700000003000900007005001700016008004100033040001400074100004600088245017700134260008100311300003700392490007800429650004900507650004500556700002200601830007500623852004000698164875ES-MaACL20250930063145.0940615m18851888sp a |||| | spa d aCAM bspa1 aSchack, Adolph Friedrich von, d1815-189410aHistoria de la literatura y del arte dramático en España / cpor Adolfo Federico Conde de Schack, traducido directamente del alemán al castellano por Eduardo de Mier. aMadrid : b[s.n.], c1885-1887 (fImprenta y fundición de M. Tello,g1888) a5 v., [1] h. de grab. ; c17 cm.1 aColección de escritores castellanos. Críticos ; v37, 46, 51, 58 y 59 4aLiteratura española-xHistoria y crítica 4aTeatro español-xHistoria y crítica.1 aMier, Eduardo de.00aColección de escritores castellanos. Críticosv37, 46, 51, 58 y 59 aES-MaACLjF-12674-78 z-- Enc. hol.